First book of weather (Record no. 9623)

MARC details
000 -LEADER
fixed length control field 00354nam a2200145Ia 4500
005 - DATE AND TIME OF LATEST TRANSACTION
control field 20240814115942.0
008 - FIXED-LENGTH DATA ELEMENTS--GENERAL INFORMATION
fixed length control field 240813s9999||||xx |||||||||||||| ||und||
082 ## - DEWEY DECIMAL CLASSIFICATION NUMBER
Classification number 551.6 WYL
100 ## - MAIN ENTRY--PERSONAL NAME
Personal name Wyler, Rose
245 #0 - TITLE STATEMENT
Title First book of weather
260 ## - PUBLICATION, DISTRIBUTION, ETC.
Place of publication, distribution, etc. New York
Name of publisher, distributor, etc. Franklin Watts
Date of publication, distribution, etc. 1956
300 ## - PHYSICAL DESCRIPTION
Extent 63p
650 ## - SUBJECT ADDED ENTRY--TOPICAL TERM
Topical term or geographic name entry element Earth Sciences (Geology)
942 ## - ADDED ENTRY ELEMENTS (KOHA)
Koha item type Book
Holdings
Withdrawn status Lost status Damaged status Not for loan Home library Current library Date acquired Total checkouts Barcode Date last seen Price effective from Koha item type
        Library and Documentation Division NCERT Library and Documentation Division NCERT 08/14/2024   10138 08/14/2024 08/14/2024 Book